| 000 | 00574nam a22001937a 4500 | ||
|---|---|---|---|
| 003 | OSt | ||
| 005 | 20131031213002.0 | ||
| 008 | 130927b xxu||||| |||| 00| 0 esp d | ||
| 020 | _a978-968-18-6971-7 | ||
| 040 |
_aBMC _cBMC |
||
| 082 | _a658.15 | ||
| 100 | 1 |
_95750 _aDuarte Schlageter, Javier |
|
| 245 | 1 | 0 |
_aFinanzas operativas _b: un coloquio _cJavier Duarte Schlageter, Lorenzo Fernández Alonso |
| 260 |
_aMéxico, D.F. _bLimusa _c2007 |
||
| 300 |
_a142 p. _c23 cm |
||
| 650 | 2 | 4 |
_95713 _aEmpresas _xFinanzas |
| 700 | 1 |
_95751 _aFernández Alonso, Lorenzo |
|
| 942 |
_2ddc _cBK |
||
| 999 |
_c2485 _d2485 |
||